Bats : a natural history /

Bibliographic Details
Main Author: Hill, John Edwards
Other Authors: Smith, James Dale
Format: Book
Language:English
Published: Austin : University of Texas Press, 1984.
Edition:1st ed.
Subjects:

MARC

Tag First Indicator Second Indicator Subfields
LEADER 00000cam a2200000 a 4500
001 in00000538024
005 20151013175732.0
008 841001s1984 txuab b 00110 eng d
010 |a  83051654  
020 |a 0292707525  |c $24.95 
035 |a (OCoLC)11215253 
035 |9 ACH6260AM 
040 |a YAM  |c YAM  |d TXA  |d UtOrBLW 
049 |a TXAM  |c [1130352] 
090 |a QL737.C5  |b H54 1984 
100 1 |a Hill, John Edwards. 
245 1 0 |a Bats :  |b a natural history /  |c John E. Hill and James D. Smith. 
250 |a 1st ed. 
264 1 |a Austin :  |b University of Texas Press,  |c 1984. 
300 |a 243 pages :  |b illustrations, maps ;  |c 25 cm. 
336 |a text  |b txt  |2 rdacontent 
337 |a unmediated  |b n  |2 rdamedia 
338 |a volume  |b nc  |2 rdacarrier 
500 |a "Published in co-operation with the British Museum (Natural History)." 
500 |a Includes indexes. 
504 |a Bibliography: pages [222]-233. 
650 0 |a Bats. 
700 1 |a Smith, James Dale. 
999 |a MARS 
999 f f |s fd530710-0253-3364-b2be-482b4215c26d  |i c9ef878d-b0a0-3ab5-b252-91f484b13571  |t 0 
952 f f |p normal  |a Texas A&M University  |b College Station  |c Sterling C. Evans Library  |d Evans: Library Stacks  |t 0  |e QL737.C5 H54 1984  |h Library of Congress classification  |i unmediated -- volume  |m A14816662223 
998 f f |a QL737.C5 H54 1984  |t 0  |l Evans: Library Stacks